| 000 | 01064nam a2200325Ia 4500 | ||
|---|---|---|---|
| 001 | 63308 | ||
| 003 | IT-RoPAU | ||
| 008 | 130308s9999 xx 000 0 und d | ||
| 040 | _aIT-RoPAU | ||
| 040 | _cIT-RoPAU | ||
| 041 | _aITALIANO | ||
| 100 | _aAA.VV. | ||
| 100 | _gCodice Aut. SPICS: 12000 | ||
| 245 | _aStudiare musica: obiettivi e percorsi | ||
| 245 | _bStudiare Musica: Obiettivi e Percorsi | ||
| 250 | _a1a ed. | ||
| 260 | _aBOLOGNA | ||
| 260 | _bClueb | ||
| 260 | _c1987 [1° Ed.:1987 - Ed.Ling.Originale:1987] | ||
| 300 | _a"164 p. (prefazione: no ; testo: 164)" | ||
| 500 | _aMetodologia dell'Educazione Musicale Musica nella Scuola Media Semiologia della Musica Perche' studiare Musica? Come studiare Musica? Perche' la Musica nelle Scuole? Perche' e Quale Musicologia? Lavoro di gruppo di 150 Studenti Dams di Bologna | ||
| 650 | _aEDUCAZIONE ALLA MUSICA | ||
| 650 | _eCodice materia Spics: 7012 | ||
| 700 | _aStefani Gino | ||
| 700 | _gCodice Aut. SPICS: 1035 | ||
| 942 | _cBK | ||
| 957 | _71 | ||
| 999 |
_c74654 _d74654 |
||
| 999 | _bSI | ||
| 999 | _g1 | ||